| 000 | 00470nam a2200133 4500 | ||
|---|---|---|---|
| 999 |
_c14694 _d14694 |
||
| 008 | 191022b ||||| |||| 00| 0 eng d | ||
| 022 | _a03080587 | ||
| 082 | _aDPer 420.5 M72 Apr-Oct 2011 v. 20, n. 2-4 | ||
| 100 |
_940535 _aShave, Jonathan. |
||
| 245 |
_aA book I've Used: _bGet Ahead in FCE/ _cJonathan Shave. |
||
| 260 |
_aChichester, West Sussex: _bPavilion Publishing, _cApr-Oct 2011. |
||
| 300 |
_av20, n4 pages73-74: _bcolor illustrations; _c30 cm. |
||
| 942 |
_2ddc _cPER |
||